Дело о зачете ректору Харьковского университета Рославскому-Петровскому в действительную службу времени, проведенного им в приго...

Доступно только в Электронных читальных залах Найти на картеНа карте
RUSMARC
00004069nmc2a22000003x 450
001e256111e-e8ef-46a9-a3b6-a9cf8425b302
00520180702234600.0
100##$a20160408l18621863k l0rusy0189 ca
1010#$arus
102##$aRU
2001#$aДело о зачете ректору Харьковского университета Рославскому-Петровскому в действительную службу времени, проведенного им в приготовлении к профессорскому званию. Тут же об увольнении Рославского-Петровского от должности ректора и об утверждении ректором декана физико-математического факультета Кочетова и деканом этого факультета профессора Черная. Тут же о назначении Рославскому-Петровскому пособия 800 рублей серебром
$j6 мая 1862 г. - 19 декабря 1863 г.
251##$cДело
300##$aДело
801#0$aRU
$bРГИА
$c20160408
$gRCR
801#1$aRU
$bГлавНИВЦ
$c20160408
$2rusmarc
801#2$aRU
$bПБ им. Б.Н. Ельцина
$c20180702
$gRCR
$2rusmarc
850##$aРГИА
852##$aРГИА
$eФедеральное казенное учреждение "Российский государственный исторический архив" (РГИА)
$j56
937##$hРГИА
$d12194032
$aASBIBLIO_SCAN
462#0$100175ee99a9-5750-4f16-9283-bc673fb37de8
$12001
$aДела разряда высших учебных заведений Департамента народного просвещения за 1838-1872 гг.
$1251
$cОпись
$1852
$j147
461#0$1001a74412a3-3cc5-4d21-8f0a-dfe2fbd9e72d
$12001
$aДепартамент народного просвещения Министерства народного просвещения (1803-1917)
$1251
$cФонд
$1852
$j733
215##$a79 л.
$d36,5х26 см
371##$aДокумент не является опубликованным и широко распространяемым
105##$ay###
1222#$ad
035##$ae256111e-e8ef-46a9-a3b6-a9cf8425b302
856##$uhttp://readingroom.main.prlib.ru/item.aspx?id_node=n116603848&mode=full
Формат отображения